| 000 | 00673nam a22002057a 4500 | ||
|---|---|---|---|
| 005 | 20161110123609.0 | ||
| 010 | _aENG-116423 | ||
| 020 |
_a9788179104101 _c875.00 |
||
| 035 | _aEN-99955 | ||
| 037 | _bDBAD/PUB | ||
| 082 | _a361.954 | ||
| 100 | _aMary,Jenitta I | ||
| 245 |
_aSocial welfare in India / _cby I.Jenitta Mary, C. Chidambaranathan [and] M.D. Allen Selvakumar |
||
| 260 |
_aJaipur _bAvishkar Publishers, Distributors _c2016 |
||
| 270 |
_a807, Vyas Building,Chaura Rasta _bJaipur (RAJ.) _e302003 |
||
| 300 |
_axiii,233p. _c21cm(Hb) |
||
| 700 | _aChidambaranathan, C. | ||
| 700 | _aM.D. Allen Selvakumar | ||
| 942 |
_2ddc _cEN _h361.954 _mMAR |
||
| 999 |
_c104465 _d104465 |
||